Movies by Scene III Quiz Stats

 Plays Quiz Updated Mar 13, 2018

Also try the first Movie Scenes Quiz and Movie Scenes Quiz 2
Challenge
Share
Tweet
Score 0/20 Timer 06:00
0 Plays Today
% Correct
Edward Scissorhands
90.3%
The Karate Kid
85.4%
The Sixth Sense
83.2%
Where the Wild Things Are
80.5%
Scarface
79.8%
Napoleon Dynamite
79.8%
Pretty Woman
79.3%
Gremlins
77%
Casablanca
69.7%
Sherlock Holmes
65.3%
% Correct
No Country for Old Men
64.8%
Lethal Weapon
63.8%
Scream
58.3%
Garden State
40.9%
The Natural
40.8%
Bram Stoker's Dracula
32.3%
The Seven Year Itch
25.4%
Splash
23.9%
A Fish Called Wanda
19.8%
Dirty Rotten Scoundrels
18%

You're not logged in!

Compare scores with friends on all Sporcle quizzes.
OR
Log In

You Might Also Like...

Show Comments

Extras

Top Quizzes Today


Score Distribution

Your Account Isn't Verified!

In order to create a playlist on Sporcle, you need to verify the email address you used during registration. Go to your Sporcle Settings to finish the process.

Report this User

Report this user for behavior that violates our Community Guidelines.

Details: